000 00868nam a22002657a 4500
003 OSt
005 20260530115320.0
008 260508b1999 it ||||| |||| 00| 0 ita d
020 _a9788879401012
040 _aICI
_bspa
_cICI
_erda
041 _aita
050 _aNA6220
_b.B73 2004
100 _aBradaschia, Maurizio.
_934254
245 1 0 _aWaro Kishi store design /
_cMaurizio Bradaschia.
260 _aMilan :
_bTesto & Immagine,
_c2004.
300 _a176 páginas :
_bilustraciones a color ;
_c30 cm.
504 _aIncluye referencias bibliográficas.
600 1 4 _aKishi, Waro
_xCrítica e interpretación.
_934255
650 4 _aArquitectura comercial.
650 4 _aDiseño de tiendas.
_934257
650 4 _aEspacios comerciales
_xDiseño.
650 4 _aInteriorismo comercial.
650 4 _aDiseño arquitectónico japonés.
_934260
942 _2lcc
_cBK
_n1
999 _c13733
_d13733